Drug pricing and regulatory framework for affordable meidcines (Record no. 501959)

000 -LEADER
fixed length control field 00428cam a22001097a 4500
008 - FIXED-LENGTH DATA ELEMENTS--GENERAL INFORMATION
fixed length control field 180718b2010 xxu||||| |||| 00| 0 eng d
100 ## - MAIN ENTRY--PERSONAL NAME
Personal name Kaushal, Lalit Mohan
245 ## - TITLE STATEMENT
Title Drug pricing and regulatory framework for affordable meidcines
Statement of responsibility, etc. by Lalit Mohan Kaushal
260 ## - PUBLICATION, DISTRIBUTION, ETC.
Place of publication, distribution, etc. New Delhi
Name of publisher, distributor, etc. Indian Institute of Public Administration
Date of publication, distribution, etc. 2010
300 ## - PHYSICAL DESCRIPTION
Extent 151p.
500 ## - GENERAL NOTE
General note An APPPA M.Phil dissertation, 2009-10 (Guide: Prof. P.K. Chaubey)
Holdings
Withdrawn status Lost status Damaged status Not for loan Permanent Location Current Location Date acquired Barcode Date last seen Price effective from Koha item type
        Indian Institute of Public Administration Indian Institute of Public Administration 2018-08-04 GR18514 2018-08-04 2018-08-04 GR

Powered by Koha